| 000 | 00525nam a22001697a 4500 | ||
|---|---|---|---|
| 005 | 20240822093054.0 | ||
| 008 | 240822b |||||||| |||| 00| 0 eng d | ||
| 020 | _a4934762 | ||
| 041 | _aEnglish | ||
| 082 | _a349 LAW | ||
| 100 | _lEnglish | ||
| 245 |
_aThe Lawyer's Pocketbook edited by/ _cButterworths Legal Editorial Department |
||
| 260 |
_aDurban: _bButterworth and Publishers (Pty) Ltd, _c2001 |
||
| 300 |
_b361 pages; _c18 cm. |
||
| 650 |
_aLegal practice _bLaw |
||
| 942 |
_cBK _6ALISON_BN_VRIES |
||
| 999 |
_c2768 _d2768 |
||